000 00706nam a22002537a 4500
001 BR0202674
003 BR-BrBNA
005 20230928101102.0
007 ta
008 230509b bl.||||| |||| 00| 0 por d
040 _aBR-BrBNA
_bpor
_cBiblioteca Nacional de Agricultura
041 _a(Por)
072 _aD50; B50
090 _ D50 BR0202674
110 1 _aMinistério da Agricultura e do Abastecimento, Brasília, DF (Brasil)
_96726
245 1 _aMinistros titulares e interinos - 1860 a 2000
260 3 _aBrasília, DF (Brasil):
_c2000.
300 _a23 p.
650 _aAGRICULTURA
650 _aHISTÓRIA
650 _aLEGISLAÇÃO
909 _a202309
_bLucia
_c55
_dLucia Elande
942 _cBK
999 _c64189
_d64189